000 01037nam a2200301 a 4500
001 000114743
003 CHAP
005 20220329144455.0
008 180404s2015 mx |sm |||||||spa d
010 _a111204
011 _a112176
040 _cCHAP
090 _aTesis
100 1 _aJiménez Morales, Margarita
_9129203
245 1 0 _aColémbolos indicadores de la fertilidad del suelo
_h[En línea]
_cpor Jiménez Morales Margarita.
260 _aChapingo, Méx. :
_bEl autor,
_c2015.
500 _aPara ver el contenido del material haga clic en la liga
502 _aTesis (M. C. en Protección Vegetal) -- UACH. Departamento de Parasitología Agrícola
590 _aE6337LMJ
_b05
_c20180404
_lUCH01
_h1322
590 _aE6337LMJ
_b05
_c20180404
_lUCH01
_h1322
650 1 4 _aSuelos
_xComposición.
_9110280
650 1 4 _aSuelos
_xFertilidad.
_9110367
650 1 4 _aSuelos
_xNutrición.
_9133360
856 _aFinding aid
_uhttp://10.13.5.2/tesis/sist114743.pdf
_zTeclea aquí
901 _aBK
942 _cTESIS
942 _n0
999 _c111204
_d111204